Регионална библиотека "Любен Каравелов" - Русе

Завръщане (Запис номер 77116)

MARC детайли
000 -Лидер
Контролно поле с фиксирана дължина 02017nam a2200361 c 4500
003 - Код на организацията, давaща контролен номер
Контролно поле BLK
005 - Дата и час на последна редакция
Контролно поле 20241218113804.0
008 - Елементи от данни с фиксирана дължина
fixed length control field 180408b bul|||||r ||||||| ||bul||
010 ## - Наследен системен номер
LC control number KNG00081556000
020 ## - Международен стандартен номер на книга ISBN
Международен стандартен номер на книга ISBN 954-07-2312-4
-- издат.: Унив. изд. Св. Климент Охридски
040 ## - Източник на каталожния запис
Идентификатор на билиотеката - собственик на записа BLK
041 ## - Код за език
Код за езика на текст/звукозапис или на отделно заглавие Български
Код за езика КДБФ Български
080 ## - УДК
Текстов определител УДК Българска литература
УДК код - определител по УДК 821.163.2
УДК определител .09
УДК - код + определител 821.163.2.09
100 1# - Редна дума - Автор
Автор Александров, Александър Йорданов
Авторска отговорност първи автор
R(LIN) 371975
139 ## - Редно поле
Редна дума Йорданов, Александър
Авторски знак Иорд - И 83
245 10 - Сведения за заглавието
Заглавие Завръщане
Подзаглавни данни Конфликти ; В кръга на модерното ; В лабиринта на лявото ; Полемики
Редно поле (дума) * Александър Йорданов; Александър Йорданов Александров.
257 ## - Страна на издаване
Страна на създаване/издаване България
260 ## - Област на издателските данни
-- София
Име на издателя, разпространителя и проч. Унив. изд. Св. Климент Охридски
Година на издаване 2006
300 ## - Физическа характеристика
Страници 452 с.
Размери/Мащаб 21 см
380 ## - Жанр
Жанр Литературознание
500 ## - Общи забележки
Забележка Пълното име на авт. е Александър Йорданов Александров. - Съдържа и Бележки.
650 #4 - Допълнително описание по предмет – тема
Основно описание – тема или топоним Българска литература - теми, образи, сюжети
9 (RLIN) 242409
650 #4 - Допълнително описание по предмет – тема
Основно описание – тема или топоним Литературна критика, българска
9 (RLIN) 241943
653 ## - Ключова дума – ненормативна
Ключова дума модернизъм
653 ## - Ключова дума – ненормативна
Ключова дума литературна критика
700 ## - Други автори (авторска отговорност)
Лично име Йорданов, Александър
Дати, свързани с автора 1952 -
Друга информация Бълг. политик, дипломат, литературен историк и критик, народен представител, председател на Народното събрание, евродепутат.
Пълна форма на името Александров, Александър Йорданов
9 (RLIN) 363706
852 ## - Местоположение
Форматна сигнатура Цб 238446
856 4# - Електронен адрес и достъп
Електронен формат pdf - файл
Път до файла /url/
856 4# - Електронен адрес и достъп
Електронен формат pdf - файл
Път до файла /url/
942 ## - АРТИКУЛИ
Вид на библиотечния материал Книги
Скрит в OPAC Не
944 ## - СЪЗДАВАНЕ И РЕДАКЦИЯ на ЗАПИСА
Създаване/Редакция Създаване
Дата на регистрацията/редакция 19.02.2008
Статус, дата на статуса Севдалина Тодорова
Служител, извършил регистрацията/редакцията 30540
944 ## - СЪЗДАВАНЕ И РЕДАКЦИЯ на ЗАПИСА
Създаване/Редакция Редакция
Дата на регистрацията/редакция 20.01.2012
Статус, дата на статуса ф /
Служител, извършил регистрацията/редакцията
999 ## - СИСТЕМНИ КОНТРОЛНИ НОМЕРА
Koha biblionumber 77116
Koha biblioitemnumber 77116
Наличности
Код за отписване Код за изгубен артикул Код за повреда Коз за рестрикции Код за отдаване Артикулен № Име на библиотеката - собственик Име на библиотеката, в която се намира в момента Статус (Текущо местоположение) Дата на вписване в системата Местоположение - отдел Цена в лева Инвентарен номер Систематично азбучна сигнатура Баркод Номер на екземпляра Цена в евро Служебна бележка Служебен тип на артикула Източник на класификационната схема
  Не е изгубен Не е повреден без рестрикции ползва се в читалня 125026 Регионална библиотека "Любен Каравелов" Русе Регионална библиотека "Любен Каравелов" Русе Хранилище 2008-02-19 Хранилище 10.00 120000723573 Цб 238446 120000723573 1 5.11 Дост: Dp Вид: Д N: 48 Дата: 08.11.2007 Книги  
  Не е изгубен Не е повреден без рестрикции ползва се в читалня 125027 Регионална библиотека "Любен Каравелов" Русе Регионална библиотека "Любен Каравелов" Русе Читалня 2011-12-16 Читалня 10.00 120000755706 Ч 821.163.2.09/И 83 120000755706 2 5.11 Дост: Pk Вид: Ф N: 251 Дата: 15.12.2011 Дата инв: 27.03.2017 Бележки инв: Ч2017 Книги Universal Decimal Classification
Vip Innovations Ltd, Rousse, Bulgaria 2025